000 00231nam a22000857a 4500
008 160916b xxu||||| |||| 00| 0 eng d
100 _9620
_aBhatt.P.etal.
245 _aEnglish Common Reader
260 _aNew Delhi
_bFrank Publications
_c2012
999 _c3279
_d3279